Sinatra (Record no. 583)
[ view plain ]
| 000 -LEADER | |
|---|---|
| fixed length control field | 02273cgm a2200457Ia 4500 |
| 003 - CONTROL NUMBER IDENTIFIER | |
| control field | data |
| 005 - DATE AND TIME OF LATEST TRANSACTION | |
| control field | 20260322212026.0 |
| 007 - PHYSICAL DESCRIPTION FIXED FIELD--GENERAL INFORMATION | |
| fixed length control field | data |
| 008 - FIXED-LENGTH DATA ELEMENTS--GENERAL INFORMATION | |
| fixed length control field | data |
| 020 ## - INTERNATIONAL STANDARD BOOK NUMBER | |
| International Standard Book Number | 9781603994934 |
| 020 ## - INTERNATIONAL STANDARD BOOK NUMBER | |
| International Standard Book Number | 1603994939 |
| 028 42 - PUBLISHER OR DISTRIBUTOR NUMBER | |
| Publisher or distributor number | 826663-12227 |
| Source | Shout! Factory |
| 033 00 - DATE/TIME AND PLACE OF AN EVENT | |
| Formatted date/time | 19820820 |
| Geographic classification area code | 4954 |
| Geographic classification subarea code | L3 |
| 040 ## - CATALOGING SOURCE | |
| Original cataloging agency | IND |
| Transcribing agency | IND |
| Modifying agency | BGU |
| -- | IKG |
| -- | TEF |
| -- | CPL |
| -- | OCLCA |
| -- | BGU |
| 050 #4 - LIBRARY OF CONGRESS CALL NUMBER | |
| Classification number | M1630.18 |
| Item number | .S56 2010 |
| 082 04 - DEWEY DECIMAL CLASSIFICATION NUMBER | |
| Classification number | 781.640973 |
| Edition information | 22 |
| 099 ## - LOCAL FREE-TEXT CALL NUMBER (OCLC) | |
| Classification number | DVD 749 |
| 001 - CONTROL NUMBER | |
| control field | data |
| 245 10 - TITLE STATEMENT | |
| Title | Sinatra |
| Medium | [videorecording] : |
| Remainder of title | concert for the Americas / |
| Statement of responsibility, etc. | Frank Sinatra ... [et al.]. |
| 246 30 - VARYING FORM OF TITLE | |
| Title proper/short title | Concert for the Americas. |
| 246 0# - VARYING FORM OF TITLE | |
| Display text | Title on container: |
| Title proper/short title | Frank Sinatra : |
| Remainder of title | concert for the Americas. |
| 260 ## - PUBLICATION, DISTRIBUTION, ETC. | |
| Place of publication, distribution, etc. | Los Angeles, CA : |
| Name of publisher, distributor, etc. | Shout! Factory, |
| Date of publication, distribution, etc. | c2010. |
| 300 ## - PHYSICAL DESCRIPTION | |
| Extent | 1 videodisc (ca. 90 min.) : |
| Other physical details | sd., col. ; |
| Dimensions | 4 3/4 in. |
| 500 ## - GENERAL NOTE | |
| General note | Popular songs. |
| 500 ## - GENERAL NOTE | |
| General note | Originally produced in 1990. |
| 505 00 - FORMATTED CONTENTS NOTE | |
| Title | Theme from New York, New York. |
| -- | I get a kick out of you -- |
| -- | Come rain or come shine -- |
| -- | When your lover has gone -- |
| -- | The lady is a tramp -- |
| -- | The house I live in -- |
| Miscellaneous information | Prologue ; |
| Title | Jet song |
| Statement of responsibility | (with Tony Mottola, guitar) -- |
| Title | Searching -- |
| -- | My kind of town -- |
| -- | Something -- |
| -- | The best is yet to come -- |
| -- | Strangers in the night -- |
| -- | All or nothing at all -- |
| -- | The gal that got away ; |
| -- | It never entered my mind -- |
| -- | I've got you under my skin -- |
| -- | Send in the clowns |
| Statement of responsibility | (with Tony Mottola, guitar) -- |
| Title | Quiet night of quiet stars = |
| -- | Corcovado |
| Statement of responsibility | (with Tony Mottola, guitar) -- |
| Title | I won't dance -- |
| -- | Theme from New York, New York. |
| 508 ## - CREATION/PRODUCTION CREDITS NOTE | |
| Creation/production credits note | Writer, Gary Belkin. |
| 511 0# - PARTICIPANT OR PERFORMER NOTE | |
| Participant or performer note | Frank Sinatra, vocals; Buddy Rich Orchestra; Vincent Falcone, Jr., conductor. |
| 518 ## - DATE/TIME AND PLACE OF AN EVENT NOTE | |
| Date/time and place of an event note | Recorded Aug. 20, 1982, at the Altos de Chavón Amphitheatre, La Romana, Dominican Republic, for television broadcast on Nov. 11, 1982. |
| 538 ## - SYSTEM DETAILS NOTE | |
| System details note | DVD; region 1, NTSC; aspect ratio 4:3; Dolby Digital 5.1, 2.0 stereo. |
| 650 #0 - SUBJECT ADDED ENTRY--TOPICAL TERM | |
| Topical term or geographic name entry element | Popular music |
| Chronological subdivision | 1981-1990. |
| 655 #0 - INDEX TERM--GENRE/FORM | |
| Genre/form data or focus term | Concert television programs. |
| 700 1# - ADDED ENTRY--PERSONAL NAME | |
| Personal name | Sinatra, Frank, |
| Dates associated with a name | 1915-1998. |
| Relationship | prf. |
| 700 1# - ADDED ENTRY--PERSONAL NAME | |
| Personal name | Miller, Walter C. |
| Relationship | drt. |
| 700 1# - ADDED ENTRY--PERSONAL NAME | |
| Personal name | Harrison, Jerry. |
| Relationship | pro. |
| 700 1# - ADDED ENTRY--PERSONAL NAME | |
| Personal name | Falcone, Vincent. |
| Relationship | cnd. |
| 700 1# - ADDED ENTRY--PERSONAL NAME | |
| Personal name | Rich, Buddy, |
| Dates associated with a name | 1917-1987. |
| Relationship | prf. |
| 700 1# - ADDED ENTRY--PERSONAL NAME | |
| Personal name | Mottola, Tony. |
| Relationship | prf. |
| 710 2# - ADDED ENTRY--CORPORATE NAME | |
| Corporate name or jurisdiction name as entry element | Buddy Rich Orchestra. |
| Relationship | prf. |
| 710 2# - ADDED ENTRY--CORPORATE NAME | |
| Corporate name or jurisdiction name as entry element | Shout! Factory (Firm) |
| Withdrawn status | Lost status | Damaged status | Not for loan | Home library | Current library | Shelving location | Date acquired | Total checkouts | Full call number | Barcode | Date last seen | Price effective from | Koha item type |
|---|---|---|---|---|---|---|---|---|---|---|---|---|---|
| Centerville | Centerville | General stacks | 22/03/2026 | 781.640973 22 | BC0010598 | 22/03/2026 | 22/03/2026 | Books |